Minecraft alle Strukturen - Statistiken

Allgemein
  • Dieses Quiz wurde 67 mal gespielt
  • Das Durchschnittsergebnis liegt bei 4 aus 23
Antwortstatistiken
Strukturen % Korrekt
Dorf
94%
Festung
37%
Dschungeltempel
35%
Wüstentempel
35%
Netherfestung
26%
Mine
22%
Iglu
18%
Wüstenbrunnen
14%
Ozeanmonument
12%
Waldanwesen
12%
Portalruine
11%
Schiffwrack
11%
Fossil
9%
Verlies
9%
Antike Stätte
8%
Prüfungskammer
8%
Bastionsruine
5%
Ozeanruine
5%
Sumpfhütte
5%
Endsiedlung
3%
Pfadruine
3%
Plünderer-Außenposten
2%
Vergrabener Schatz
2%
Keine übereinstimmenden Quizze gefunden
Verteilung der Resultate
Anzahl Personen mit jedem Resultat
Perzentil nach korrekt beantworteten Fragen
Ihre Resultats-Entwicklung
Sie haben dieses Quiz noch nicht gespielt